| 000 | 00941nam a2200265 i 4500 | ||
|---|---|---|---|
| 001 | 181950 | ||
| 003 | ES-MaACL | ||
| 005 | 20250910063131.0 | ||
| 008 | 130509s2009 sp | |||| ||spa d | ||
| 020 | _a978-84-95587-02-2 | ||
| 080 | _a821.131.1-31"19" | ||
| 100 | 1 |
_aMadieri, Marisa, _d1938-1996 _9152755 |
|
| 245 | 1 | 0 |
_aVerde agua / _cMarisa Madieri ; traducción de Valeria Bergalli ; posfacio de Claudio Magris. |
| 250 | _a1ª ed., 6ª reimp. | ||
| 260 |
_aBarcelona : _bMinúscula, _c2009. |
||
| 300 |
_a203 p. ; _c17 cm. |
||
| 490 | 1 |
_aPaisajes narrados ; _v2 |
|
| 700 | 1 |
_aBergalli, Valeria. _9152756 |
|
| 700 | 0 |
_aMagris, Claudio. _975515 |
|
| 830 | 0 |
_aPaisajes narrados ; _v2 _9180648 |
|
| 852 |
_aES-MaACL _jA-12653 _9188859 _bR.148607 _cDEPO1 _dOlim: N-5654 _xDonación: José Luis Abellán |
||
| 903 |
_aAbellán, José Luis, _d1933-2023 _ednr _q1 _9176509 |
||
| 942 |
_2udc _cMONOGRAFIA |
||
| 999 |
_c181950 _d181950 |
||